Производство огнеупоров (Запись № 752)
[ простой вид ]
| 000 -МАРКЕР | |
|---|---|
| контрольное поле | 12045nas1a22009611 4500 |
| 001 - ИДЕНТИФИКАТОР ЗАПИСИ | |
| контрольное поле | RU\NLR\INFOCOMM19\1000094962 |
| 005 - ИДЕНТИФИКАТОР ВЕРСИИ | |
| контрольное поле | 20250807185122.0 |
| 035 ## - ДРУГИЕ СИСТЕМНЫЕ НОМЕРА | |
| Идентификатор записи | (NLR Aleph) 002315553 |
| 100 ## - ДАННЫЕ ОБЩЕЙ ОБРАБОТКИ | |
| Данные общей обработки | 20250807 rusy50 |
| 101 0# - ЯЗЫК РЕСУРСА | |
| Язык текста, звукозаписи и т.д. | русский |
| 102 ## - СТРАНА ПУБЛИКАЦИИ ИЛИ ПРОИЗВОДСТВА | |
| Страна публикации | российская федерация |
| 110 ## - ПОЛЕ КОДИРОВАННЫХ ДАННЫХ: ПРОДОЛЖАЮЩИЕСЯ РЕСУРСЫ | |
| Кодированные данные продолжающегося ресурса | zyu||||0|y0 |
| 200 1# - ЗАГЛАВИЕ И СВЕДЕНИЯ ОБ ОТВЕТСТВЕННОСТИ | |
| Основное заглавие | Производство огнеупоров |
| Сведения, относящиеся к заглавию | Отраслевой темат. сборник науч. трудов |
| Первые сведения об ответственности | М-во черной металлургии СССР. Гл. упр. по проектированию предприятий черной металлургии. Всесоюз. гос. ин-т науч.-исслед. и проектных работ огнеупорной пром-сти. Ин-т огнеупоров |
| 210 ## - ПУБЛИКАЦИЯ, РАСПРОСТРАНЕНИЕ И ДР. | |
| Место издания, распространения и т.д. | Л. |
| Дата издания, распространения и т.д. | 1934-1981 |
| 300 ## - ОБЩИЕ ПРИМЕЧАНИЯ | |
| Текст примечания | После №9 (1981) выходит ненум. вып. по разными загл. См. каталог книг |
| 430 #0 - ПРОДОЛЖЕН | |
| Встроенное поле | 2001#$aТруды Всесоюзного научно-исследовательского института огнеупорных и кислотоупорных материалов ВИОК |
| 430 #0 - ПРОДОЛЖЕН | |
| Встроенное поле | 2001#$aТруды Научно-исследовательского института огнеупорных и кислотоупорных материалов "ВИОК" |
| 430 #0 - ПРОДОЛЖЕН | |
| Встроенное поле | 2001#$aТруды Института |
| 430 #0 - ПРОДОЛЖЕН | |
| Встроенное поле | 2001#$aБюллетень научно-технической информации |
| 712 02 - НАИМЕНОВАНИЕ ОРГАНИЗАЦИИ - ВТОРИЧНАЯ ОТВЕТСТВЕННОСТЬ | |
| Начальный элемент ввода | Всесоюзный научно-исследовательский и проектный институт огнеупорной промышленности |
| Идентифицирующий признак | Ленинград |
| Код отношения | Прочие |
| 801 #1 - ИСТОЧНИК ЗАПИСИ | |
| Страна | российская федерация |
| Организация | InfoComm |
| Дата составления | 20041019 |
| 801 #0 - ИСТОЧНИК ЗАПИСИ | |
| Страна | российская федерация |
| Организация | NLR |
| Правила каталогизации | PSBO |
| 852 ## - МЕСТОНАХОЖДЕНИЕ И ШИФР ХРАНЕНИЯ | |
| Идентификатор организации | NLR |
| Шифр хранения (Call Number) | 34-16/256 |
| 852 ## - МЕСТОНАХОЖДЕНИЕ И ШИФР ХРАНЕНИЯ | |
| Идентификатор организации | NLR |
| Наименование фонда или коллекции (Sub-Location Identifier) | Т44 |
| Шифр хранения (Call Number) | В-3/5 |
| 852 ## - МЕСТОНАХОЖДЕНИЕ И ШИФР ХРАНЕНИЯ | |
| Идентификатор организации | NLR |
| Шифр хранения (Call Number) | П10/1588 |
| 933 ## - ПРИМЕЧАНИЕ ОБ ИЗМЕНЕНИЯХ НАДЗАГОЛОВКОВ | |
| -- | ^^ |
| 933 ## - ПРИМЕЧАНИЕ ОБ ИЗМЕНЕНИЯХ НАДЗАГОЛОВКОВ | |
| -- | ^^ |
| 933 ## - ПРИМЕЧАНИЕ ОБ ИЗМЕНЕНИЯХ НАДЗАГОЛОВКОВ | |
| -- | ^^ |
| 942 ## - ДОПОЛНИТЕЛЬНЫЕ ЭЛЕМЕНТЫ ЗАПИСИ (АБИС) | |
| Тип экземпляра АБИС | Продолжающееся издание |
| 945 ## - Информацию об издании предоставили: | |
| Полное название организации, предоставившей материал | Российская национальная библиотека |
| 980 ## - КОЛЛЕКЦИЯ | |
| Название коллекции | Национальная библиография |
| 980 ## - КОЛЛЕКЦИЯ | |
| Название коллекции | Библиография Победы |
| 980 ## - КОЛЛЕКЦИЯ | |
| Название коллекции | Русская периодика |
Нет доступных экземпляров.





